Statistiques concernant Cyclisme quizz

Cliquez ici pour prendre le quiz!

Statistiques générales

  • Ce quiz a été pris 1 003 fois
  • Le résultat moyen est 7 sur 15

Statistiques - réponses

QuestionRéponse% Correct
Qui a gagné la Vuelta 2019 ?Primoz Roglic
84%
Qui a gagné le Giro 2019 ?Carapaz
82%
Qui est le champion du monde actuel ?Mads Pedersen
82%
Dans quelle équipe est Davide Formolo ?UAE
78%
Qui est très lourdement tombé sur le CLM individuel du tour de France 2019Wout Van Aert
65%
Quel coureur est retraité ?Lars Ytting Bak
43%
Qui est le champion de Belgique actuelTim Merlier
43%
Combien de victoires a Mark Cavendish ?146
37%
Qui a gagné le championnat de France sur route 2018 ?Anthony Roux
33%
Qui a porté le maillot rouge sur la Vuelta 2019 ?Dylan Teuns
33%
Qui a terminé sur le podium du championnat de France 2019 ?Damien Touzé
27%
Quelle est la date de naissance de Oliver Naesen ?16 septembre 1990
24%
Qui a gagné la flèche brabançonne 2015 ?Ben Hermans
22%
Qui est le manager sportif de la Sunweb ?Rudi Kemna
17%
Quelle est la date de naissance de Alberto Contador ?Le 6 décembre
13%

Distribution des résultats

Percentile par nombre de réponses

% des personnes avec chaque résultat

Votre développement - résultats

Vous n’avez pas pris ce quiz